Una línea torcida: de la historia cultural a la historia de la sociedad

Tallennettuna:
Bibliografiset tiedot
Päätekijä: Eley, Geoff (Tekijä)
Aineistotyyppi: Kirja
Kieli:espanja
Julkaistu: Valencia Universitat de Valencia 2008
Sarja:Historia
Aiheet:
Tagit: Lisää tagi
Ei tageja, Lisää ensimmäinen tagi!

MARC

LEADER 00000nam a2200000 a 4500
001 UCH1445
003 CL-VaPUC
008 090427e20080000SP |||||||||||||||||spa|d
020 |a 9788437066141 
082 0 4 |a 907.2  |b ELE  |2 21 
100 0 |a Eley, Geoff  |e author  |9 535933 
245 1 4 |a Una línea torcida: de la historia cultural a la historia de la sociedad 
300 |a 313 p 
942 |c BK 
945 |d 20090427 00:00:00  |a rbrito 
260 |a Valencia  |b Universitat de Valencia  |c 2008 
650 0 |a Historiografía   |9 257871 
650 0 |a Historiadores  |9 314498 
650 0 |a Teoría de la historia  |9 317951 
583 |a last modification  |c 20090427 00:00:00  |k Rodrigo Vera 
490 0 |a Historia 
999 |c 333483  |d 333481 
952 |0 0  |1 0  |4 0  |6 907_200000000000000_ELE_2008  |7 0  |8 A  |9 421918  |a BIBHIS  |b BIBHIS  |d 2019-11-22  |i 4539281  |l 5  |m 1  |o 907.2 ELE 2008  |p 4539281  |q 2025-06-04  |r 2025-05-05  |s 2025-05-05  |w 2019-11-22  |y BK  |k HIS